000 00343nam a2200133 4500
020 _a9789360615628
082 _a387.54 ADA/E
084 _2Colon Classification
100 _aAdams, Douglas
245 _aElements of shipping /
_cDouglas Adams
260 _aNew Delhi :
_bPinakin Publishing,
_c2025.
300 _a240p.:
942 _2ddc
_cBK
999 _c749903
_d749903